<?xml version="1.0" encoding="UTF-8"?>
<marc:record xmlns:marc="http://www.loc.gov/MARC21/slim">
   <marc:leader>00000nam a2200000 a 4500</marc:leader>
   <marc:datafield ind1="1" ind2=" " tag="100">
      <marc:subfield code="a">Newson, Karl</marc:subfield>
      <marc:subfield code="4">aut</marc:subfield>
      <marc:subfield code="e">Verfasser/-in</marc:subfield>
   </marc:datafield>
   <marc:datafield ind1=" " ind2=" " tag="653">
      <marc:subfield code="a">Tiere</marc:subfield>
   </marc:datafield>
   <marc:datafield ind1=" " ind2=" " tag="653">
      <marc:subfield code="a">Beziehung (Themen- und problemorientierte Bilderbücher für Kinder)</marc:subfield>
   </marc:datafield>
   <marc:datafield ind1="0" ind2="0" tag="245">
      <marc:subfield code="a">Ich bin fast genau wie du</marc:subfield>
   </marc:datafield>
   <marc:datafield ind1=" " ind2="1" tag="264">
      <marc:subfield code="b">Thienemann</marc:subfield>
      <marc:subfield code="c">2020</marc:subfield>
   </marc:datafield>
   <marc:datafield ind1="1" ind2=" " tag="520">
      <marc:subfield code="a">Die Helden in diesem Bilderbuch sind ganz unterschiedlich: Manche sind groß, manche sind klein. Manche sind leise, andere laut. Aber es gibt Dinge, die sie alle gemeinsam haben: Alle spielen gern, machen ab und zu Unsinn und brauchen zum Einschlafen Geborgenheit und eine Gute-Nacht-Geschichte. 
Ein Bilderbuch über all die wunderbaren Eigenschaften, die jeden von uns einzigartig machen. Für Kinder ab 3 Jahren.</marc:subfield>
   </marc:datafield>
   <marc:datafield ind1=" " ind2=" " tag="020">
      <marc:subfield code="a">9783522459228</marc:subfield>
      <marc:subfield code="9">9783522459228</marc:subfield>
   </marc:datafield>
</marc:record>
